Voice Rome (Registro nro. 32363)

Detalles MARC
000 -ENCABEZADO
Número de control [NR] 00868nam a2200241Ia 4500
005 - FECHA Y HORA DE LA ÚLTIMA TRANSACCIÓN
control field 20210901055433.0
008 - DE LONGITUD FIJA DE DATOS DE ELEMENTOS - INFORMACIÓN GENERAL
Elementos de longitud fija [NR] 130821s ne gr eng
040 ## - FUENTE DE CATALOGACION [NR]
Agencia de catalogación original [NR] Co-BoUCM
Idioma de catalogación [NR] spa
Quien Cataloga Sandra Yazo (modificó)
Quien Clasifica Sandra Yazo (modificó)
041 00 - CODIGO DE IDIOMA [R]
Código de idioma para texto/pista de sonido o título separado [R] Inglés
082 ## - NUMERO DE CLASIFICACION DECIMAL DEWEY [R]
Número de clasificación [R] 914.45632
Número del ítem [NR] P314v
100 ## - ASIENTO PRINCIPAL--NOMBRE PERSONAL [NR]
Nombre personal [NR] Patris, René
ID Autoridad 105127
245 00 - MENCION DE TITULO [NR]
Título [NR] Voice Rome
Mención de responsabilidad, etc. [NR] Texte de René Patris, photos Cas Oorthuys
260 ## - PUBLICACION, DISTRIBUCION, ETC. (PIE DE IMPRENTA) [R]
Lugar de publicación, distribución, etc. [R] Ámsterdam (Holanda)
Nombre del editor, distribuidor, etc. [R] Flammarion
Fecha de publicación, distribución, etc. [R] [fecha desconocida]
300 ## - DESCRIPCION FISICA [R]
Extensión [R] 96 páginas
490 ## - MENCION DE SERIE [R]
Mención de serie [R] Contacts Avec Le Monde
650 04 - ASIENTO SECUNDARIO DE MATERIA - TERMINO TEMATICO [R]
Término temático o nombre geográfico como elemento de entrada [NR] Descripciones y viajes
9 (RLIN) 7508
650 04 - ASIENTO SECUNDARIO DE MATERIA - TERMINO TEMATICO [R]
Término temático o nombre geográfico como elemento de entrada [NR] Historia
9 (RLIN) 7695
651 ## - ASIENTO SECUNDARIO DE MATERIA - NOMBRE GEOGRAFICO [R]
Nombre geográfico [NR] Roma (Italia)
9 (RLIN) 27287
651 ## - ASIENTO SECUNDARIO DE MATERIA - NOMBRE GEOGRAFICO [R]
Nombre geográfico [NR] Roma (Italia)
Subdivisión general [R] Descripciones y viajes
9 (RLIN) 105128
651 ## - ASIENTO SECUNDARIO DE MATERIA - NOMBRE GEOGRAFICO [R]
Nombre geográfico [NR] Roma (Italia)
Subdivisión general [R] Historia
9 (RLIN) 26698
700 ## - ASIENTO SECUNDARIO - NOMBRE PERSONAL [R]
Nombre personal [NR] Oorthuys, Cas., Fotografías
9 (RLIN) 105129
942 ## - ELEMENTOS DE ENTRADA AGREGADOS (KOHA)
Tipo de ítem principal el descrito en 300a Libro
Tema principal 2
Edición 1
Parte restante de la signatura top. P314V
Título oculto en OPAC No
Sistema de clasificación DEWEY
Clasificación 914.45632
Existencias
Suprimido Perdido Sistema de clasificación Dañado No prestable Tipo de ítem específico Ubicación habitual Ubicación actual Localización Fecha de creación Forma de adquisición Costo Signatura topográfica Código de barras Última vez visto Ejemplar Price effective from Tipo de ítem Nota pública (OPAC)
    DEWEY     Libro Archivo Histórico Archivo Histórico Archivo histórico 28/02/2003 Donación 10000.00 914.45632 P314V 100057498 22/06/2012 Ej.1 03/02/2013 Libro TRANSFERENCIA CRAI C4